<?xml version="1.0" encoding="UTF-8"?>
<record
    xmlns:xsi="http://www.w3.org/2001/XMLSchema-instance"
    xsi:schemaLocation="http://www.loc.gov/MARC21/slim http://www.loc.gov/standards/marcxml/schema/MARC21slim.xsd"
    xmlns="http://www.loc.gov/MARC21/slim">

  <leader>00858nab a2200217uuc4500</leader>
  <controlfield tag="001">1386517</controlfield>
  <controlfield tag="005">20251112100427.0</controlfield>
  <controlfield tag="008">140924e20140805                    spa  </controlfield>
  <datafield tag="035" ind1=" " ind2=" ">
    <subfield code="a">1386517</subfield>
  </datafield>
  <datafield tag="040" ind1=" " ind2=" ">
    <subfield code="c">comduadb</subfield>
  </datafield>
  <datafield tag="041" ind1=" " ind2=" ">
    <subfield code="a">spa</subfield>
  </datafield>
  <datafield tag="100" ind1="1" ind2="0">
    <subfield code="a">Valencia C&#xE1;rdenas, Marisol</subfield>
    <subfield code="4">aut</subfield>
    <subfield code="e">aut</subfield>
    <subfield code="9">718522</subfield>
  </datafield>
  <datafield tag="245" ind1="1" ind2="0">
    <subfield code="a">Metodolog&#xED;a de un modelo de optimizaci&#xF3;n para el pron&#xF3;stico y manejo de inventarios usando el metaheur&#xED;stico tab&#xFA;</subfield>
  </datafield>
  <datafield tag="650" ind1=" " ind2=" ">
    <subfield code="a">Pron&#xF3;sticos</subfield>
    <subfield code="9">34141</subfield>
  </datafield>
  <datafield tag="650" ind1=" " ind2=" ">
    <subfield code="a">Modelos din&#xE1;micos</subfield>
    <subfield code="9">176600</subfield>
  </datafield>
  <datafield tag="650" ind1=" " ind2="7">
    <subfield code="a">Control de inventarios</subfield>
    <subfield code="2">lemb</subfield>
    <subfield code="9">197658</subfield>
  </datafield>
  <datafield tag="700" ind1="1" ind2="0">
    <subfield code="a">Gonz&#xE1;lez Daniela, D.</subfield>
    <subfield code="4">aut</subfield>
    <subfield code="e">aut</subfield>
    <subfield code="9">700955</subfield>
  </datafield>
  <datafield tag="700" ind1="1" ind2="0">
    <subfield code="a">Cardona R., Juan Esteban</subfield>
    <subfield code="4">aut</subfield>
    <subfield code="e">aut</subfield>
    <subfield code="9">684805</subfield>
  </datafield>
  <datafield tag="773" ind1="0" ind2=" ">
    <subfield code="t">Ingenier&#xED;a : Revista de la Universidad de Costa Rica (San Jos&#xE9;)</subfield>
    <subfield code="g">Volumen 24, N&#xFA;mero 01, Febrero-Agosto 2014, p. 13-27</subfield>
    <subfield code="w">353136</subfield>
    <subfield code="x">1409-2441</subfield>
    <subfield code="0">111766</subfield>
  </datafield>
  <datafield tag="942" ind1=" " ind2=" ">
    <subfield code="c">ARIMP</subfield>
  </datafield>
  <datafield tag="999" ind1=" " ind2=" ">
    <subfield code="c">695211</subfield>
    <subfield code="d">695211</subfield>
  </datafield>
</record>
